Statistics for General Knowledge Quiz #27

Click here to take the quiz!

General Stats

  • This quiz has been taken 187,955 times
    (62,486 since last reset)
  • The average score is 12 of 20

Answer Stats

QuestionAnswer% Correct
How many cards are in a standard deck (not including jokers)?52
95%
Where does Peter Pan live?Neverland
90%
What is the first U.S. state, alphabetically?Alabama
86%
What type of animal appears on the Ferrari logo?Horse
84%
What type of futuristic skateboard did Marty McFly use in "Back to the Future Part II"?{Hover}board
79%
What substance was once used to make billiard balls and piano keys?Ivory
75%
What is either a Greek letter or a part of a river?Delta
70%
What shape is a dunce cap?Conical
67%
What country was formerly known as Siam?Thailand
66%
Who painted Marilyn Monroe and soup cans?Andy Warhol
62%
What country lost about 25% of its population in the late 1970s
during the murderous reign of Pol Pot?
Cambodia
59%
What was the first spacecraft to orbit the Earth?Sputnik
56%
What type of "fever" does one get by staying indoors too long?Cabin fever
54%
What city did Bruce Lee grow up in?Hong Kong
52%
What type of hat does Indiana Jones wear?Fedora
48%
What are prickly pears and saguaros?Cacti
46%
What does the Latin word vox mean?Voice
46%
What was Superman's birth name?Kal-El
38%
What is the only 6 letter word that ends in mt?Dreamt
29%
What well-known mountain pass connects Pakistan and Afghanistan?{Khyber} Pass
28%

Score Distribution

Percentile by Number Answered

Percent of People with Each Score

Your Score History

You have not taken this quiz since the last reset